Guia de la formació professional i de recursos per al trànsit al món del treball
Publicado:
Badalona :
Ajuntament de Badalona. Àrea de Serveis Personals. Regidoria delegada d'Educació ,
2002
Descripción Física:
[194] p. : quadres, taules ; 29 cm
MARC
| LEADER | 00000nam a2200000Ia 4500 | ||
|---|---|---|---|
| 001 | 22246 | ||
| 008 | 160829s2002 xx 000 0 cat d | ||
| 080 | |a S-1-306 | ||
| 245 | |a Guia de la formació professional i de recursos per al trànsit al món del treball | ||
| 250 | |a Ed. no venal | ||
| 260 | |a Badalona : |b Ajuntament de Badalona. Àrea de Serveis Personals. Regidoria delegada d'Educació, |c 2002 | ||
| 300 | |a [194] p. : |b quadres, taules ; |c 29 cm | ||
| 650 | |a Formació professional |x Badalona |9 41318 | ||
| 650 | |a Mercat de treball |x Badalona |9 41319 | ||
| 710 | 1 | |a Badalona (Catalunya). |b Regidoria d'Educació |9 56267 | |
| 901 | |a Arxiu | ||
| 942 | |n 1 | ||
| 952 | |0 0 |1 0 |4 0 |6 S1306 |7 1 |9 50158 |a Arxiu |b Arxiu |d 2016-12-01 |l 0 |o S-1-306 |p 22246 |r 2016-12-01 00:00:00 |w 2016-12-01 |y ARXIU | ||
| 999 | |c 54000 |d 54000 | ||